Music Quiz

Random Music or Song Quiz

Multiple Eurovision Winners Quiz Stats

 Plays Quiz Updated May 13, 2018

Challenge
Share
Tweet
Embed
Score 0/15 Timer 03:00
0 Plays Today
# of Wins Country % Correct
5UK
97%
6Sweden
96%
5France
95.7%
2Germany
94.6%
7Ireland
93.3%
2Spain
93.1%
2Italy
91%
3Norway
89.9%
# of Wins Country % Correct
3Denmark
83.1%
2Austria
79%
4Netherlands
77.1%
2Switzerland
76%
2Ukraine
75.5%
5Luxembourg
58.2%
4Israel
52.2%

You're not logged in!

Compare scores with friends on all Sporcle quizzes.
OR
Log In

You Might Also Like...

Show Comments

Extras

Top Quizzes Today


Score Distribution

Your Account Isn't Verified!

In order to create a playlist on Sporcle, you need to verify the email address you used during registration. Go to your Sporcle Settings to finish the process.

Report this User

Report this user for behavior that violates our Community Guidelines.

Details: